[Event "Tournoi francophone 003 Groupe E"]
[Site "Skype"]
[Date "????.??.??"]
[Round "5.4"]
[White "Mimouni, Driss"]
[Black "Farthouat, Catherine"]
[Result "0-1"]
[WhiteElo "1000"]
[BlackElo "1150"]
[PlyCount "114"]

1. e4 g6 2. d4 d6 3. Nc3 Bg7 4. Nf3 Nf6 5. Bg5 O-O 6. d5 Nbd7 7. Qd2 Re8 8. e5
dxe5 9. Nb5 a6 10. Nc3 b6 11. Bc4 e4 12. Nh4 Bb7 13. f3 e6 14. dxe6 fxe6 15.
fxe4 h6 16. Nxg6 hxg5 17. O-O Nxe4 18. Nxe4 Bxe4 19. Bxe6+ Rxe6 20. Rf2 Bxg6
21. Raf1 Qe7 22. Rf3 Re8 23. Qd1 Re1 24. Qd2 Rxf1+ 25. Rxf1 Rf8 26. g3 Rxf1+
27. Kxf1 Qf7+ 28. Ke1 Qe6+ 29. Kd1 c5 30. Kc1 b5 31. b3 c4 32. bxc4 Qxc4 33.
Kb1 Bf7 34. Kc1 Qxa2 35. Qxd7 Qb2+ 36. Kd2 Bc3+ 37. Kd3 Bg6+ 38. Ke3 Qc1+ 39.
Ke2 Bh5+ 40. g4 Qxc2+ 41. Kf3 Bf6 42. Qd8+ Kg7 43. Qd7+ Kh6 44. Kg3 Qd3+ 45.
Qxd3 b4 46. gxh5 Kxh5 47. Qd8 Bxd8 48. h4 gxh4+ 49. Kh3 b3 50. Kg2 b2 51. Kf1
b1=Q+ 52. Ke2 Qb3 53. Kd2 Ba5+ 54. Ke2 h3 55. Kf2 h2 56. Kg2 Bc7 57. Kh1 Qf3#
0-1

[Event "Tournoi francophone 003 Groupe E"]
[Site "Skype"]
[Date "????.??.??"]
[Round "5.5"]
[White "Guillaume, Mickael"]
[Black "Bacha, Mehdi"]
[Result "1-0"]
[WhiteElo "1102"]
[BlackElo "1000"]
[PlyCount "81"]

1. c4 e5 2. e4 d6 3. Nf3 Nf6 4. d3 Bg4 5. h3 Bc8 6. Nc3 Nc6 7. Be3 Be7 8. Nd5
Nxd5 9. cxd5 Nb4 10. d4 O-O 11. dxe5 dxe5 12. Nxe5 Bf6 13. Nc4 b6 14. a3 b5 15.
axb4 bxc4 16. Qc2 Ba6 17. Rxa6 Rb8 18. Ra4 c5 19. dxc6 Qc8 20. Qxc4 Bxb2 21. c7
Rb7 22. Rxa7 Rxa7 23. Bxa7 Be5 24. Bb6 g6 25. Qc6 h5 26. Be2 Qe8 27. Qc5 Bg7
28. Ba6 Qxe4+ 29. Kd2 Bh6+ 30. Kc3 Bg7+ 31. Qd4 Qxd4+ 32. Bxd4 Bxd4+ 33. Kxd4
f5 34. c8=Q Rxc8 35. Bxc8 Kg7 36. b5 Kf6 37. b6 g5 38. b7 g4 39. b8=Q f4 40.
Qb6+ Kg5 41. h4# 1-0

[Event "Tournoi francophone 003 Groupe E"]
[Site "Skype"]
[Date "????.??.??"]
[Round "5.6"]
[White "Martin, Elise"]
[Black "Talbot, Jean"]
[Result "0-1"]
[WhiteElo "1107"]
[BlackElo "1098"]
[PlyCount "96"]

1. e4 e5 2. Nf3 Nc6 3. Nc3 Nf6 4. d3 Bc5 5. Bd2 d6 6. Be2 O-O 7. O-O Re8 8. h3
h6 9. Nh4 Nd4 10. Bxh6 gxh6 11. Qd2 Nxe2+ 12. Qxe2 Bd4 13. Qf3 Re6 14. Qg3+ Kh7
15. Nf5 Qg8 16. Qh4 Qg6 17. Kh2 Bd7 18. g4 Rg8 19. Qxh6+ Qxh6 20. Nxh6 Kxh6 21.
Rg1 Kg5 22. Ne2 Bxf2 23. Rg2 Bh4 24. Rf1 Bc6 25. Rf5+ Kg6 26. Rg1 d5 27. g5 Nh5
28. Rgf1 Rg7 29. Kg2 Nf4+ 30. Nxf4+ exf4 31. R1xf4 f6 32. Rxh4 dxe4 33. dxe4
Bxe4+ 34. Kg3 Bxf5 35. Rh6+ Kxg5 36. Rh4 Re3+ 37. Kf2 Rxh3 38. Rxh3 Bxh3 39. c4
c5 40. a3 a5 41. a4 f5 42. Ke3 f4+ 43. Kf2 Kg4 44. b3 f3 45. Ke3 Re7+ 46. Kf2
Re2+ 47. Kg1 Kg3 48. b4 Re1# 0-1

[Event "Tournoi francophone 003 Groupe E"]
[Site "Skype"]
[Date "????.??.??"]
[Round "5.7"]
[White "Schnell, Nicolas"]
[Black "Tu, Harrison"]
[Result "0-1"]
[WhiteElo "1000"]
[BlackElo "1000"]
[PlyCount "80"]

1. e4 g5 2. b3 Nf6 3. d3 d5 4. e5 Ng4 5. h3 Nxe5 6. Bb2 d4 7. Be2 Bg7 8. c4 O-O
9. h4 gxh4 10. c5 Nbc6 11. Nd2 e6 12. Ne4 b6 13. Rc1 Bh6 14. Rc3 dxc3 15. Bxc3
Ng4 16. Rh3 e5 17. Nf3 Nf6 18. Neg5 Bxg5 19. Nxg5 Bxh3 20. Nxh3 e4 21. dxe4
Nxe4 22. Qc2 Nxc3 23. Bc4 Kh8 24. Qxc3+ Nd4 25. Ng5 bxc5 26. b4 Qxg5 27. bxc5
Qxg2 28. Qe3 Nf5 29. Qg5 Qxg5 30. Bd3 Nd4 31. a4 Rae8+ 32. Kd1 Qg4+ 33. Be2
Nxe2 34. Kd2 Nd4 35. a5 Qf4+ 36. Kd3 h3 37. Kc4 h2 38. Kd5 h1=Q+ 39. Kc4 Qf1+
40. Kd5 Rd8# 0-1

[Event "Tournoi francophone 003 Groupe E"]
[Site "Skype"]
[Date "????.??.??"]
[Round "6.1"]
[White "Lequeux, Pierre"]
[Black "Kruk, Clementine"]
[Result "0-1"]
[WhiteElo "1133"]
[BlackElo "1264"]
[PlyCount "134"]

1. Nf3 Nc6 2. Nc3 Nf6 3. d4 d5 4. h3 Bf5 5. a3 e6 6. e3 a6 7. Bd3 Ne4 8. Bxe4
Bxe4 9. Nxe4 dxe4 10. Nd2 f5 11. Qh5+ g6 12. Qe2 Qf6 13. b4 O-O-O 14. Nc4 Bd6
15. Bb2 e5 16. dxe5 Bxe5 17. Nxe5 Nxe5 18. O-O Rhe8 19. Bxe5 Qxe5 20. Rfd1 Qb5
21. c4 Qa4 22. Rxd8+ Rxd8 23. Qb2 Rd1+ 24. Kh2 h5 25. Rxd1 Qxd1 26. Qh8+ Qd8
27. Qg7 Qd6+ 28. g3 Qd2 29. Qg8+ Kd7 30. Qxg6 Qxf2+ 31. Kh1 Qf3+ 32. Kg1 Qxe3+
33. Kh2 Qxa3 34. Qxf5+ Kd6 35. Qxe4 Qxb4 36. Qf4+ Kc6 37. Qh6+ Kc5 38. Qxh5+
Kxc4 39. g4 Qd6+ 40. Kg2 Qc6+ 41. Kg3 b5 42. g5 Qd5 43. Qh6 Qd3+ 44. Kh4 Qe4+
45. Kg3 Kd5 46. g6 Ke6 47. g7+ Kf7 48. Qh8 Qg6+ 49. Kh4 Qxg7 50. Qh5+ Qg6 51.
Qf3+ Qf6+ 52. Kg3 Qxf3+ 53. Kxf3 a5 54. Ke2 c5 55. Kd3 c4+ 56. Kc3 Kg6 57. Kb2
b4 58. Ka2 a4 59. Kb1 c3 60. h4 b3 61. Kc1 a3 62. Kb1 Kh5 63. Ka1 Kxh4 64. Kb1
a2+ 65. Ka1 c2 66. Kb2 Kg3 67. Kc1 a1=Q+ 0-1

[Event "Tournoi francophone 003 Groupe E"]
[Site "Skype"]
[Date "????.??.??"]
[Round "6.2"]
[White "Farthouat, Catherine"]
[Black "Bustos, Ricardo"]
[Result "0-1"]
[WhiteElo "1150"]
[BlackElo "1240"]
[PlyCount "62"]

1. c4 c5 2. Nf3 Nc6 3. g3 b6 4. Bg2 Bb7 5. O-O Nf6 6. d3 e6 7. Nc3 Be7 8. b3
O-O 9. Bb2 d5 10. cxd5 exd5 11. e3 Qc7 12. a3 a6 13. Re1 Rfe8 14. d4 cxd4 15.
exd4 Bf8 16. Ne5 Nxe5 17. dxe5 Ne4 18. Nxd5 Bxd5 19. Bxe4 Bxe4 20. Rxe4 Rad8
21. Qe1 Qc2 22. Rc1 Qxb2 23. Rd1 Qxb3 24. Rd2 Rxd2 25. Qxd2 Qe6 26. f4 f5 27.
Re3 Bc5 28. Qe1 Bxe3+ 29. Qxe3 Rc8 30. Kf2 Rc2+ 31. Kf3 Qd5+ 0-1

[Event "Tournoi francophone 003 Groupe E"]
[Site "Skype"]
[Date "????.??.??"]
[Round "6.3"]
[White "Bouffard, Georges"]
[Black "Guillaume, Mickael"]
[Result "1-0"]
[WhiteElo "1183"]
[BlackElo "1102"]
[PlyCount "69"]

1. e4 e6 2. Nf3 Bc5 3. d4 Bb6 4. Be3 d5 5. Nbd2 Nf6 6. Bd3 Nc6 7. e5 Ng4 8. Bg5
f6 9. exf6 Nxf6 10. c3 Qd6 11. Nh4 e5 12. Bxf6 Qxf6 13. g3 Rf8 14. Qf3 Be6 15.
Bxh7 O-O-O 16. Ng6 Rf7 17. Qxf6 gxf6 18. dxe5 Nxe5 19. Nxe5 Rxh7 20. Nd3 d4 21.
c4 Bxc4 22. Nxc4 Re7+ 23. Kd2 f5 24. Nf4 Bc5 25. a3 Ree8 26. Rhe1 Bf8 27. Nd3
Bh6+ 28. f4 Bf8 29. Rac1 Kb8 30. Na5 Rc8 31. Re5 b6 32. Nc6+ Kb7 33. Nxd4 Bd6
34. Rxe8 Rxe8 35. Nxf5 1-0

[Event "Tournoi francophone 003 Groupe E"]
[Site "Skype"]
[Date "????.??.??"]
[Round "6.4"]
[White "Lecluyse, Koenraad"]
[Black "Morin, Claude"]
[Result "1-0"]
[WhiteElo "1265"]
[BlackElo "1030"]
[PlyCount "69"]

1. d4 d5 2. Nf3 e6 3. Bf4 Bb4+ 4. Nc3 b6 5. e3 Nc6 6. Ne5 Nh6 7. h3 Bb7 8. Bd3
Nf5 9. Bxf5 exf5 10. O-O O-O 11. a3 Be7 12. Ne2 f6 13. Nxc6 Bxc6 14. Ng3 Qd7
15. Qd3 g5 16. Nxf5 gxf4 17. Nxe7+ Qxe7 18. exf4 Qd7 19. Rfe1 Bb5 20. Qg3+ Kh8
21. Re3 Rg8 22. Qh4 Rg4 23. Qxf6+ Kg8 24. hxg4 Qf7 25. Qg5+ Qg7 26. Qh4 Rf8 27.
Re7 Rxf4 28. Rxg7+ Kxg7 29. Re1 Rxd4 30. Re7+ Kf8 31. Qf6+ Kg8 32. Qxd4 Kf8 33.
Qf6+ Kg8 34. Qf7+ Kh8 35. Re8+ 1-0

[Event "Tournoi francophone 003 Groupe E"]
[Site "Skype"]
[Date "????.??.??"]
[Round "6.7"]
[White "Bacha, Mehdi"]
[Black "Schnell, Nicolas"]
[Result "1-0"]
[WhiteElo "1000"]
[BlackElo "1000"]
[PlyCount "87"]

1. d4 c6 2. e3 e6 3. f4 Qh4+ 4. g3 Qh6 5. c3 Qg6 6. Ne2 Be7 7. Bd2 Qd3 8. a4 c5
9. dxc5 Bxc5 10. b4 Bb6 11. a5 Bc7 12. g4 Qg6 13. Bh3 h5 14. Rg1 f5 15. Ng3
fxg4 16. Bf1 Nf6 17. Ne4 Nxe4 18. Qa4 Nc6 19. Qd1 O-O 20. b5 e5 21. bxc6 Qxc6
22. Qb3+ d5 23. c4 exf4 24. cxd5 Qd6 25. Bb5 f3 26. Bd3 Ng5 27. Nc3 Nh3 28. Ne4
f2+ 29. Ke2 Qh6 30. Rg3 Rf3 31. d6+ Be6 32. Qxb7 f1=Q+ 33. Rxf1 Rb8 34. Qxc7
Rb2 35. Qd8+ Kf7 36. Nc5 Rxd2+ 37. Kxd2 Qxe3+ 38. Kc3 Rf4 39. Qc7+ Bd7 40.
Qxd7+ Kf6 41. Rxe3 Rxf1 42. Bxf1 Nf4 43. Ne6 Nxe6 44. Qxe6+ 1-0

[Event "Tournoi francophone 003 Groupe E"]
[Site "Skype"]
[Date "????.??.??"]
[Round "7.1"]
[White "Kruk, Clementine"]
[Black "Gagnon, Sindy"]
[Result "1-0"]
[WhiteElo "1264"]
[BlackElo "1016"]
[PlyCount "71"]

1. e4 Nf6 2. e5 Ne4 3. Nc3 Ng5 4. d4 d6 5. Bxg5 h6 6. Bh4 dxe5 7. dxe5 b6 8.
Bb5+ Bd7 9. Nf3 c6 10. Bc4 Qc8 11. e6 fxe6 12. Ne5 Qb7 13. Nxd7 Nxd7 14. Bxe6
c5 15. Bxd7+ Qxd7 16. Qxd7+ Kxd7 17. O-O-O+ Kc7 18. Nd5+ Kb7 19. Nxe7 g5 20.
Rd7+ Ka6 21. Bg3 Bg7 22. Nd5 Rab8 23. Bxb8 Rxb8 24. Rxg7 Rd8 25. Rd1 Rf8 26.
Nc7+ Ka5 27. f3 Rxf3 28. gxf3 h5 29. Rxg5 a6 30. Rxh5 b5 31. Rxc5 Kb6 32. b4 a5
33. Rd6+ Kb7 34. Nxb5 axb4 35. Rc7+ Kb8 36. Rd8# 1-0

[Event "Tournoi francophone 003 Groupe E"]
[Site "Skype"]
[Date "????.??.??"]
[Round "7.2"]
[White "Bustos, Ricardo"]
[Black "Lequeux, Pierre"]
[Result "1-0"]
[WhiteElo "1240"]
[BlackElo "1133"]
[PlyCount "63"]

1. d4 d5 2. Nf3 h6 3. c4 c6 4. Nc3 e6 5. e4 Nf6 6. e5 Ne4 7. cxd5 cxd5 8. Bd3
Nxc3 9. bxc3 Bd7 10. O-O Be7 11. Qb3 Bc6 12. Ba3 Qd7 13. Bxe7 Qxe7 14. Rfe1 Qd7
15. c4 Ba4 16. Qa3 dxc4 17. Bxc4 Bb5 18. Bxb5 Qxb5 19. Rab1 Qd7 20. Nd2 Qe7 21.
Qxe7+ Kxe7 22. Rxb7+ Nd7 23. f4 Rhb8 24. Reb1 Rc8 25. Ne4 Rc4 26. Nc5 Rd8 27.
Rxa7 Rxd4 28. a4 Ke8 29. Nb7 Rb8 30. Nd6+ Ke7 31. Rxb8 f6 32. Re8# 1-0

[Event "Tournoi francophone 003 Groupe E"]
[Site "Skype"]
[Date "????.??.??"]
[Round "7.4"]
[White "Guillaume, Mickael"]
[Black "Farthouat, Catherine"]
[Result "1-0"]
[WhiteElo "1102"]
[BlackElo "1150"]
[PlyCount "31"]

1. e4 g6 2. e5 Bg7 3. d4 d6 4. Nf3 e6 5. Be2 Ne7 6. Nc3 a6 7. O-O O-O 8. Bf4 h6
9. Qd2 Re8 10. Bxh6 Bh8 11. Bd3 Nd7 12. Qg5 b6 13. Nh4 Bb7 14. Nxg6 Bg7 15.
Nxe7+ Qxe7 16. Qxg7# 1-0

[Event "Tournoi francophone 003 Groupe E"]
[Site "Skype"]
[Date "????.??.??"]
[Round "7.6"]
[White "Schnell, Nicolas"]
[Black "Talbot, Jean"]
[Result "0-1"]
[WhiteElo "1000"]
[BlackElo "1098"]
[PlyCount "44"]

1. e3 e5 2. c3 d5 3. a4 Nf6 4. Nf3 e4 5. Ne5 Bd6 6. Nd3 exd3 7. Bxd3 O-O 8. g4
Bxg4 9. f3 Bh5 10. Rg1 h6 11. Qe2 Re8 12. Bf5 g6 13. Qg2 Kh7 14. e4 dxe4 15.
fxe4 Nc6 16. c4 Nd4 17. Bh3 Nc2+ 18. Kf1 Nxa1 19. e5 Rxe5 20. Qg3 Be2+ 21. Kf2
Bc5+ 22. Ke1 Nc2# 0-1

[Event "Tournoi francophone 003 Groupe E"]
[Site "Skype"]
[Date "????.??.??"]
[Round "8.1"]
[White "Talbot, Jean"]
[Black "Kruk, Clementine"]
[Result "0-1"]
[WhiteElo "1098"]
[BlackElo "1264"]
[PlyCount "26"]

1. e4 e5 2. Nf3 Nc6 3. Nc3 Bc5 4. Na4 Bb6 5. Bc4 Nf6 6. d3 d6 7. O-O Bg4 8. h3
Bh5 9. Bg5 Nd4 10. Nxd4 Bxd1 11. Raxd1 Bxd4 12. c3 Qd7 13. cxd4 Qxa4 0-1

[Event "Tournoi francophone 003 Groupe E"]
[Site "Skype"]
[Date "????.??.??"]
[Round "8.2"]
[White "Morin, Claude"]
[Black "Bustos, Ricardo"]
[Result "0-1"]
[WhiteElo "1030"]
[BlackElo "1240"]
[PlyCount "72"]

1. e4 c5 2. Nf3 d6 3. d4 cxd4 4. Nxd4 Nf6 5. Nd2 a6 6. h3 e6 7. N4f3 Nc6 8. c3
b5 9. a3 Be7 10. Bd3 Bb7 11. O-O O-O 12. Qc2 Qc7 13. Re1 Ne5 14. Be2 Rac8 15.
Nxe5 dxe5 16. Bd3 Nh5 17. Nf3 h6 18. Bd2 Rfd8 19. Be2 Nf4 20. Bxf4 exf4 21. b4
Qxc3 22. Qxc3 Rxc3 23. Ne5 Bxe4 24. Bh5 g6 25. Nxf7 Kxf7 26. Bxg6+ Kxg6 27.
Rxe4 Kf5 28. f3 Bf6 29. Rae1 e5 30. Ra1 Bh4 31. a4 Rd2 32. axb5 Bf2+ 33. Kh2
Bg3+ 34. Kh1 axb5 35. Rb1 Rb3 36. Rxb3 Rd1+ 0-1

[Event "Tournoi francophone 003 Groupe E"]
[Site "Skype"]
[Date "????.??.??"]
[Round "8.3"]
[White "Lecluyse, Koenraad"]
[Black "Bacha, Mehdi"]
[Result "1-0"]
[WhiteElo "1265"]
[BlackElo "1000"]
[PlyCount "87"]

1. d4 e6 2. e4 Bb4+ 3. Nc3 Nc6 4. Nf3 Nf6 5. e5 Ng4 6. Be2 O-O 7. O-O d6 8. Bf4
dxe5 9. Nxe5 Qd6 10. Bxg4 Nxe5 11. Re1 f6 12. dxe5 Qxd1 13. Rexd1 b6 14. exf6
Rxf6 15. Bxc7 Bb7 16. a3 Rg6 17. h3 Be7 18. Nb5 a6 19. Nd4 Rc8 20. Bxb6 Bh4 21.
Bxe6+ Kf8 22. Bg4 Re8 23. Bc5+ Kg8 24. Rd2 Re3 25. fxe3 Bg5 26. Re2 Be4 27. Rf1
h6 28. Be6+ Kh7 29. Bf5 Bxf5 30. Rxf5 a5 31. Nf3 Bd8 32. Ne5 Rg5 33. e4 Bc7 34.
Bd4 a4 35. Nf7 Rg3 36. Rc5 Bb6 37. Rd5 Bc7 38. Rd7 Bf4 39. e5 Kg6 40. Nh8+ Kh7
41. Nf7 Be3+ 42. Kh2 Bxd4 43. Kxg3 Bxe5+ 44. Rxe5 1-0

[Event "Tournoi francophone 003 Groupe E"]
[Site "Skype"]
[Date "????.??.??"]
[Round "8.4"]
[White "Lequeux, Pierre"]
[Black "Bouffard, Georges"]
[Result "1/2-1/2"]
[WhiteElo "1133"]
[BlackElo "1183"]
[PlyCount "169"]

1. Nf3 d6 2. h3 Bf5 3. Nc3 c6 4. e4 Bg6 5. d3 e5 6. Bg5 Be7 7. Be3 Nd7 8. Be2
Nc5 9. d4 Nxe4 10. dxe5 Nxc3 11. bxc3 d5 12. c4 Bb4+ 13. Bd2 c5 14. a3 Ba5 15.
O-O Bxd2 16. Qxd2 Ne7 17. cxd5 Qxd5 18. Qxd5 Nxd5 19. Bb5+ Ke7 20. Rac1 Nc3 21.
Bd3 Bxd3 22. cxd3 Ne2+ 23. Kh1 Nxc1 24. Rxc1 b6 25. d4 Rac8 26. d5 Rhd8 27. d6+
Kf8 28. Ng5 Rc6 29. Rd1 Kg8 30. g4 h6 31. Nf3 f6 32. h4 Kf7 33. Re1 Ke6 34. g5
fxg5 35. hxg5 hxg5 36. Nxg5+ Kf5 37. Nf3 Rh8+ 38. Kg1 Rh5 39. Rd1 Ke6 40. d7
Rh8 41. Ng5+ Ke7 42. e6 Rd6 43. Re1 Rxd7 44. exd7+ Kxd7 45. Nf7 Rf8 46. Ne5+
Kd6 47. Ng6 Rf6 48. Ne5 g5 49. Ng4 c4 50. Nxf6 c3 51. Rc1 Ke6 52. Nd7 Kxd7 53.
Rxc3 Kd6 54. Re3 Kd5 55. Rd3+ Ke4 56. Rd7 a5 57. Rf7 b5 58. f3+ Kd4 59. Rf5 Kc4
60. Rxg5 a4 61. Rg4+ Kb3 62. Kh2 Kxa3 63. f4 Kb3 64. Rg3+ Ka2 65. Rg2+ Ka3 66.
f5 b4 67. f6 b3 68. Rg3 Ka2 69. Rg2+ b2 70. f7 Ka1 71. Rg1+ Ka2 72. Rg2 a3 73.
f8=Q Kb3 74. Qf7+ Kc3 75. Qf6+ Kb3 76. Qf3+ Ka2 77. Qd5+ Ka1 78. Qd4 Ka2 79.
Qc4+ Ka1 80. Qc3 Ka2 81. Kg1 Ka1 82. Kf1 Ka2 83. Ke1 Ka1 84. Kd1 Kb1 85. Qxa3
1/2-1/2

[Event "Tournoi francophone 003 Groupe E"]
[Site "Skype"]
[Date "????.??.??"]
[Round "8.5"]
[White "Farthouat, Catherine"]
[Black "Tu, Harrison"]
[Result "1-0"]
[WhiteElo "1150"]
[BlackElo "1000"]
[PlyCount "37"]

1. c4 e5 2. d3 d6 3. Nf3 Bf5 4. g3 Nf6 5. Bg2 d5 6. O-O dxc4 7. dxc4 Bd6 8. Nc3
O-O 9. a3 e4 10. Nd4 Nc6 11. Nxf5 Be5 12. Nxe4 Nxe4 13. Bxe4 Ne7 14. Rb1 Nxf5
15. Bxf5 a5 16. b3 Re8 17. e3 a4 18. b4 Bf4 19. exf4 1-0

[Event "Tournoi francophone 003 Groupe E"]
[Site "Skype"]
[Date "????.??.??"]
[Round "8.7"]
[White "Gagnon, Sindy"]
[Black "Schnell, Nicolas"]
[Result "1-0"]
[WhiteElo "1016"]
[BlackElo "1000"]
[PlyCount "83"]

1. e4 e5 2. Nf3 d6 3. d3 Be7 4. d4 c6 5. dxe5 d5 6. Nc3 b5 7. exd5 c5 8. Nxb5
a6 9. Nc3 Nc6 10. d6 Bf8 11. Bg5 f6 12. exf6 gxf6 13. Bd2 Bg4 14. Qe2+ Nge7 15.
dxe7 Nxe7 16. Ne4 Bg7 17. h3 f5 18. hxg4 fxg4 19. Nfg5 h6 20. Ne6 Qd5 21. Nxg7+
Kd8 22. c4 Qe5 23. Qd3+ Nd5 24. cxd5 Qxg7 25. d6 Rf8 26. Rc1 Rc8 27. Qd5 Qd7
28. Nxc5 Qh7 29. Bxa6 Rb8 30. Ba5+ Ke8 31. O-O h5 32. d7+ Ke7 33. Rfe1+ Kf6 34.
Re6+ Kf7 35. d8=Q Rfxd8 36. Bxd8 h4 37. Na4 g3 38. fxg3 hxg3 39. Rc7+ Kf8 40.
Rxh7 Kg8 41. Qf5 Rxb2 42. Re8# 1-0

[Event "Tournoi francophone 003 Groupe E"]
[Site "Skype"]
[Date "????.??.??"]
[Round "9.1"]
[White "Kruk, Clementine"]
[Black "Guillaume, Mickael"]
[Result "1-0"]
[WhiteElo "1264"]
[BlackElo "1102"]
[PlyCount "27"]

1. e4 e5 2. Nf3 Nc6 3. Bc4 Qe7 4. Nc3 Nd4 5. Nxd4 exd4 6. Nb5 Qe5 7. Qf3 Nh6 8.
d3 f6 9. Bf4 Qc5 10. Nxc7+ Kd8 11. Nxa8 Qb4+ 12. Bd2 Qxb2 13. Rc1 Qxa2 14. Bxa2
1-0

[Event "Tournoi francophone 003 Groupe E"]
[Site "Skype"]
[Date "????.??.??"]
[Round "9.2"]
[White "Bacha, Mehdi"]
[Black "Bustos, Ricardo"]
[Result "0-1"]
[WhiteElo "1000"]
[BlackElo "1240"]
[PlyCount "70"]

1. d4 Nf6 2. e3 d5 3. f4 e6 4. Bd3 c5 5. c3 c4 6. Bc2 Nc6 7. Nf3 Be7 8. O-O O-O
9. Ne5 Qc7 10. Nd2 Bd6 11. Rf3 Nd7 12. Rh3 g6 13. g3 Ndxe5 14. fxe5 Be7 15. Qg4
f5 16. Qg5 Bxg5 17. Nf3 Be7 18. Rh6 Nd8 19. Bd2 Nf7 20. Rh3 Qb6 21. b4 cxb3 22.
axb3 Qc7 23. Nh4 Bxh4 24. Rxh4 a5 25. b4 b6 26. Bc1 Ng5 27. Ba3 Nf3+ 28. Kg2
Nxh4+ 29. gxh4 axb4 30. cxb4 Qxc2+ 31. Kg1 Qc3 32. Rf1 Qxa3 33. Rf2 Qxe3 34.
Kg2 Qxd4 35. Kg3 Qg4# 0-1

[Event "Tournoi francophone 003 Groupe E"]
[Site "Skype"]
[Date "????.??.??"]
[Round "9.3"]
[White "Mimouni, Driss"]
[Black "Lecluyse, Koenraad"]
[Result "0-1"]
[WhiteElo "1000"]
[BlackElo "1265"]
[PlyCount "85"]

1. e4 e5 2. Nf3 Nc6 3. d3 d6 4. Bg5 Nf6 5. d4 Nxd4 6. Bb5+ c6 7. Bc4 Bg4 8. Be3
Bxf3 9. gxf3 Nb5 10. Nc3 Be7 11. Nxb5 cxb5 12. Bxb5+ Nd7 13. c4 O-O 14. f4 a6
15. Ba4 Qa5+ 16. Bd2 Qc7 17. Bc3 Qxc4 18. Rg1 Qxe4+ 19. Qe2 Qxa4 20. b3 Qxf4
21. Rg3 g6 22. Rg4 Qxh2 23. Kd2 Nf6 24. f4 Qh6 25. Rg5 Nd5 26. Rag1 Nxf4 27.
Qe3 Nd5 28. Qg3 f6 29. Qg4 fxg5 30. Qe6+ Kg7 31. Bxe5+ Bf6 32. Bxf6+ Nxf6 33.
Qe7+ Rf7 34. Qe6 Qh2+ 35. Qe2 Qxg1 36. Kd3 Rc8 37. Qe3 Qf1+ 38. Kd4 Qd1+ 39.
Qd3 Qg4+ 40. Ke3 Re7+ 41. Kd2 Qg2+ 42. Kd1 Qg4+ 43. Kd2 0-1

[Event "Tournoi francophone 003 Groupe E"]
[Site "Skype"]
[Date "????.??.??"]
[Round "9.4"]
[White "Bouffard, Georges"]
[Black "Talbot, Jean"]
[Result "1-0"]
[WhiteElo "1183"]
[BlackElo "1098"]
[PlyCount "27"]

1. d4 d5 2. e3 Nf6 3. Bd3 e6 4. f4 Bd6 5. Nf3 O-O 6. O-O Re8 7. Ne5 Bxe5 8.
fxe5 Ne4 9. Nd2 Nxd2 10. Bxh7+ Kxh7 11. Qh5+ Kg8 12. Bxd2 Qe7 13. Rf3 Nd7 14.
Rh3 1-0

[Event "Tournoi francophone 003 Groupe E"]
[Site "Skype"]
[Date "????.??.??"]
[Round "9.5"]
[White "Schnell, Nicolas"]
[Black "Farthouat, Catherine"]
[Result "0-1"]
[WhiteElo "1000"]
[BlackElo "1150"]
[PlyCount "74"]

1. e4 g6 2. Nf3 d6 3. e5 Bg7 4. d4 e6 5. Bb5+ Nd7 6. h4 Ne7 7. Bg5 O-O 8. Bd2
b6 9. Ng5 Bb7 10. O-O a6 11. Ba4 b5 12. Bb3 c5 13. Nc3 Rc8 14. f3 Nf5 15. Be1
Ne3 16. Qd3 Nxf1 17. Qxf1 c4 18. Nce4 Bxe4 19. fxe4 cxb3 20. axb3 Rxc2 21. Bb4
Qb6 22. Rd1 Rfc8 23. Rd3 Rc1 24. Rd1 Qb7 25. Bd2 R1c2 26. Bf4 f6 27. Nxe6 Bh8
28. Bh6 Qxe4 29. Re1 Qg4 30. exd6 Qxh4 31. Bf4 g5 32. Nc7 gxf4 33. Re4 Qg3 34.
Qd1 Rxb2 35. Re7 Rf8 36. Qh5 Bg7 37. Ne8 Qxg2# 0-1

[Event "Tournoi francophone 003 Groupe E"]
[Site "Skype"]
[Date "????.??.??"]
[Round "9.6"]
[White "Martin, Elise"]
[Black "Gagnon, Sindy"]
[Result "1-0"]
[WhiteElo "1107"]
[BlackElo "1016"]
[PlyCount "77"]

1. e4 e5 2. Nf3 d6 3. d4 Nc6 4. d5 Nd4 5. Nxd4 exd4 6. Qxd4 Qd7 7. Nc3 c5 8.
Qc4 a6 9. Bd3 b5 10. Qb3 Be7 11. O-O Nf6 12. Bg5 h6 13. Bf4 Nh5 14. Nxb5 axb5
15. Bxb5 O-O 16. Bxd7 Bxd7 17. Qb7 Rab8 18. Qxd7 Bf6 19. Qg4 g6 20. Bxh6 Rfe8
21. Qd7 Rxe4 22. f3 Bd4+ 23. Kh1 Re2 24. Qg4 Nf6 25. Qg5 Nh5 26. f4 f6 27.
Qxg6+ Kh8 28. Qxh5 f5 29. Qxf5 Re7 30. Qf6+ Bxf6 31. f5 Rxb2 32. h3 Rxc2 33.
Rab1 Ree2 34. Rb8+ Kh7 35. Bf4 Bd4 36. Bxd6 Rxg2 37. Rb7+ Kh6 38. Bf4+ Kh5 39.
Rh7# 1-0

[Event "Tournoi francophone 003 Groupe E"]
[Site "Skype"]
[Date "????.??.??"]
[Round "9.7"]
[White "Tu, Harrison"]
[Black "Morin, Claude"]
[Result "1/2-1/2"]
[WhiteElo "1000"]
[BlackElo "1030"]
[PlyCount "53"]

1. d4 d5 2. Nf3 e6 3. e3 Bb4+ 4. Bd2 Be7 5. Bb5+ Bd7 6. O-O a6 7. Bxd7+ Nxd7 8.
Re1 Ngf6 9. a4 Ne4 10. a5 O-O 11. b4 Bh4 12. Rf1 b6 13. Qe2 Re8 14. Nxh4 e5 15.
dxe5 Rxe5 16. Nc3 Nxd2 17. Qxd2 Qxh4 18. b5 Nf6 19. Ra4 Ne4 20. Qd4 axb5 21.
Qxe5 Rxa5 22. Rxa5 bxa5 23. Nxb5 h6 24. Nxc7 a4 25. Qa1 Qxf2+ 26. Kh1 Qxc2 27.
Nxd5 1/2-1/2